书目信息 |
| 题名: |
化学用表
|
|
| 作者: | 顾庆超 编 | |
| 分册: | ||
| 出版信息: | 南京 江苏科学技术出版社 1979 |
|
| 页数: | 1册 | |
| 开本: | 25cm | |
| 丛书名: | ||
| 单 册: | ||
| 中图分类: | O6-64 | |
| 科图分类: | ||
| 主题词: | 化学--图表 | |
| 电子资源: | ||
| ISBN: | ||
| 000 | 00557nam0 2200217 45 | |
| 001 | 0179000584 | |
| 005 | 20060818174324.95 | |
| 010 | @b精装@dCNY5.06 | |
| 091 | @a13196.011 | |
| 100 | @a19950726d1979 em y0chiy0121 ea | |
| 101 | 0 | @achi |
| 102 | @aCN@b320000 | |
| 105 | @ak z 000yy | |
| 200 | 10 | @a化学用表@Ahua xue yong biao@f顾庆超等编@FGu Qing Chao Deng Bian |
| 210 | @a南京@c江苏科学技术出版社@d1979 | |
| 215 | @a1册@d25cm | |
| 606 | @a化学@x图表 | |
| 690 | @aO6-64@v3 | |
| 701 | 0 | @a顾庆超@4编 |
| 801 | 0 | @aCN@bNLC@c20060818 |
| 905 | @dO6-64@e74 | |
| 化学用表/顾庆超等编.-南京:江苏科学技术出版社,1979 |
| 1册;25cm |
| ISBN (精装):CNY5.06 |
| ● |
| 相关链接 |
|
|
|
|
正题名:化学用表
索取号:O6-64/74
 
预约/预借
| 序号 | 登录号 | 条形码 | 馆藏地/架位号 | 状态 | 备注 |
| 1 | 0041106 | 000337353 | 第三借阅区/ [索取号:O6-64/74] | 在馆 | |
| 2 | 0041107 | 000337362 | 第三借阅区/ [索取号:O6-64/74] | 在馆 | |
| 3 | 0041108 | 000337344 | 工具书阅览室/ [索取号:O6-64/74] | 在馆 | |
| 4 | 0110480 | 001963646 | 第三借阅区/ [索取号:O6-64/74] | 在馆 | |
| 5 | 0110481 | 202102036 | 第二样本阅览室/ [索取号:O6-64/74] | 在馆 | |
| 6 | 0172147 | 000555250 | 密集书库/ [索取号:O6-64/74] | 在馆 | |
| 7 | 0172148 | 000555232 | 第三借阅区/ [索取号:O6-64/74] | 在馆 | |
| 8 | 0421091 | 204210914 | 密集书库/ [索取号:O6-64/74] | 在馆 | |
| 9 | 0421902 | 204219023 | 密集书库/ [索取号:O6-64/74] | 在馆 | |
| 10 | 0468788 | 204687883 | 密集书库/ [索取号:O6-64/74] | 在馆 |